| 000 | 01355nam a2200313 4500 | ||
|---|---|---|---|
| 003 | EG-GICUC | ||
| 005 | 20260404155751.0 | ||
| 008 | 260404b1986 ua|||||f |||| 00| 0 ara d | ||
| 040 |
_a EG-GICUC _bara _c EG-GICUC _d EG-GICUC _erda |
||
| 043 | _af-ua--- | ||
| 082 | 0 | 4 |
_221 _a343.632 |
| 092 | 0 | 4 | _221 |
| 099 | _aLaw1 10 343.632 ع ب . ج 1986 | ||
| 100 | 0 | _aعبدالرحيم صدقي | |
| 243 |
_aموسوعة صدقي في القانون الجنائي _hالقانون الجنائي والأسرة |
||
| 245 | 1 | 0 |
_aجرائم الأسرة : _bالقتل - السرقة - الزنا - الإجهاض - وتعدد الزوجات : بين القانون المصري والفرنسي والشريعة الإسلامية ظ _cعبدالرحيم صدقي. |
| 264 | 1 |
_aالقاهرة: _bمكتبة نهضة الشرق: _c1987. |
|
| 300 |
_aالمجلد الحادي عشر _c24 سم _bإيضاحيات، صور، مثيليات ؛ |
||
| 336 |
_2rda content _atext |
||
| 337 |
_2rda media _aComputer |
||
| 338 |
_2rda carrier _aOnline Resource |
||
| 504 | _a. 240-220 ببليوجرافيا: صفحات. | ||
| 650 | 1 | 4 |
_aجرائم الأسرة _2qrmak |
| 650 | 1 | 4 |
_aالنظام الجنائي الإسلامي _2qrmak |
| 651 | 1 | _2qrmak | |
| 856 | 4 | 0 | _uhttps://fll.law.cu.edu.eg/fulltext/bks/test.pdf |
| 905 | _a17 | ||
| 942 |
_2ddc _n0 _cBK _e21 |
||
| 999 |
_c68598 _d68598 |
||